Fasana-e-saltnat mughlia (Record no. 390674)

MARC details
000 -LEADER
fixed length control field 00679nam a2200241Ia 4500
003 - CONTROL NUMBER IDENTIFIER
control field OSt
005 - DATE AND TIME OF LATEST TRANSACTION
control field 20220924113854.0
008 - FIXED-LENGTH DATA ELEMENTS--GENERAL INFORMATION
fixed length control field 220923b |||||||| |||| 00| 0 urd d
037 ## - SOURCE OF ACQUISITION
Terms of availability Textual
040 ## - CATALOGING SOURCE
Original cataloging agency ARTS
Transcribing agency ARTS
Language of cataloging urd
041 ## - LANGUAGE CODE
Source of code urd
Language code of text/sound track or separate title urd
100 ## - MAIN ENTRY--PERSONAL NAME
Personal name Khan Sayed Muzaffar Ali Au.
9 (RLIN) 170574
245 #0 - TITLE STATEMENT
Title Fasana-e-saltnat mughlia
260 ## - PUBLICATION, DISTRIBUTION, ETC.
Place of publication, distribution, etc. Agra
Name of publisher, distributor, etc. Matba Agra ajnar India
Date of publication, distribution, etc. 1992
650 ## - SUBJECT ADDED ENTRY--TOPICAL TERM
Topical term or geographic name entry element TRAVEL
650 ## - SUBJECT ADDED ENTRY--TOPICAL TERM
Topical term or geographic name entry element INDIA - GEOGRAPHY
9 (RLIN) 170575
942 ## - ADDED ENTRY ELEMENTS (KOHA)
Classification part U8.2.K56, 168N2
Koha item type Textual
Source of classification or shelving scheme Colon Classification (CC)
Holdings
Withdrawn status Lost status Damaged status Not for loan Home library Current library Date acquired Total Checkouts Full call number Barcode Date last seen Price effective from Koha item type
        Arts Library Arts Library 2022-09-24   U8.2.K56 168N2 AL0026912 2022-09-24 2022-09-24 Textual
Copyright @ Delhi University Library System